000 00798nam a22002177a 4500
003 BD-DhJNU
005 20250204035134.0
008 250204b |||||||| |||| 00| 0 eng d
020 _a9789845062787
040 _aBD-DhJNU
_bENG
_cBD-DhJNU
_dBD-DhJNU
082 _223
_a351.5492 PUB
245 _aPublic service delivery in Bangladesh :
_bparliament, public policy and local government /
_cedited by Nizam Ahmed
260 _aDhaka :
_bThe University Press,
_c2020.
300 _axxvi, 397p. :
_bill. ;
_c21 cm.
504 _aIncludes bibliographical references and index
650 _aTotal quality management in government Bangladesh
650 _aGovernment accountability Bangladesh
650 _aPublic administration Bangladesh
700 _aAhmed, Nizam
_eeditor
942 _2ddc
_cBK
_n0
999 _c1228
_d1228